Normal view
MARC view
Entry Personal Name
001 - CONTROL NUMBER
- control field: 87201
003 - CONTROL NUMBER IDENTIFIER
- control field: dpl
005 - DATE AND TIME OF LATEST TRANSACTION
- control field: 20260206154611.0
008 - FIXED-LENGTH DATA ELEMENTS
- fixed length control field: 260206|| aca||aabn | a|a d
040 ## - CATALOGING SOURCE
- Original cataloging agency: dpl
- Transcribing agency: dpl
100 ## - HEADING--PERSONAL NAME
- Personal name: कुमार,कृष्ण
670 ## - SOURCE DATA FOUND
- Source citation: Work cat.: (dpl)214734: कुमार,कृष्ण, स्मार्ट भिखमंगा/, 2024
